[Event "Belgrade City-chT"]
[Site "Belgrade"]
[Date "2019.05.17"]
[Round "5.4"]
[White "Coric, Zoran"]
[Black "Sekulovic, Aleksandar"]
[Result "0-1"]
[WhiteElo "2058"]
[BlackElo "2110"]
[PlyCount "117"]
[EventDate "2019.05.13"]
[EventType "team-swiss"]
[EventRounds "5"]
[EventCountry "SRB"]
[SourceTitle "CBM 190 Extra"]
[Source "ChessBase"]
[SourceDate "2019.07.15"]
[SourceVersion "1"]
[SourceVersionDate "2019.07.15"]
[SourceQuality "1"]
[WhiteTeam "Cukaricki"]
[BlackTeam "Jugopetrol"]
[WhiteTeamCountry "SRB"]
[BlackTeamCountry "SRB"]

1. d4 Nf6 2. Nf3 g6 3. b3 Bg7 4. Bb2 d6 5. Nbd2 0-0 6. e4 Nc6 7. a3 a6 8. Bd3 e5 9. dxe5 Ng4 10. Nc4 b5 11. Ne3 Nxe3 12. fxe3 dxe5 13. 0-0 Qe7 14. Qe2 Bb7 15. Rac1 Rfd8 16. c4 Na5 17. Bc2 bxc4 18. bxc4 Qc5 19. Bb1 f6 20. h3 Bh6 21. Rc3 Rab8 22. Nh2 Rf8 23. Ng4 Bg7 24. Rd1 Bc6 25. Qc2 h5 26. Nf2 Bh6 27. Bc1 Nb7 28. a4 Qa5 29. c5 Nd8 30. Ba2+ Kg7 31. Bb3 Qb4 32. Bd2 Qb7 33. Bc1 Nf7 34. Bd5 a5 35. Rdd3 Rfd8 36. Qa2 Bxd5 37. exd5 Qb1 38. Qxb1 Rxb1 39. Kh2 f5 40. Ba3 e4 41. Rd2 Bg5 42. d6 cxd6 43. cxd6 Bf6 44. Rc7 Be5+ 45. g3 h4 46. Kg2 hxg3 47. Nd1 g5 48. Nc3 Rb3 49. Bb2 Kg6 50. Nd1 Rxd6 51. Rcc2 Rbd3 52. Bc1 f4 53. Nb2 f3+ 54. Kg1 Rxd2 55. Bxd2 g4 56. hxg4 Ng5 57. Bxa5 Nh3+ 58. Kf1 Bxb2 59. Rxb2 0-1

[Event "Belgrade City-chT"]
[Site "Belgrade"]
[Date "2019.05.14"]
[Round "2.8"]
[White "Sekulovic, Aleksandar"]
[Black "Milicevic, Predrag I"]
[Result "1-0"]
[WhiteElo "2110"]
[BlackElo "2090"]
[PlyCount "61"]
[EventDate "2019.05.13"]
[EventType "team-swiss"]
[EventRounds "5"]
[EventCountry "SRB"]
[SourceTitle "CBM 190 Extra"]
[Source "ChessBase"]
[SourceDate "2019.07.15"]
[SourceVersion "1"]
[SourceVersionDate "2019.07.15"]
[SourceQuality "1"]
[WhiteTeam "Jugopetrol"]
[BlackTeam "15 April"]
[WhiteTeamCountry "SRB"]
[BlackTeamCountry "SRB"]

1. e4 c5 2. Nf3 d6 3. Bc4 e6 4. d4 cxd4 5. Nxd4 Nf6 6. Nc3 a6 7. a4 Nc6 8. Be3 Be7 9. g4 Ne5 10. Be2 Qc7 11. g5 Nfd7 12. f4 Nc4 13. Bc1 0-0 14. Qd3 Na5 15. Qh3 Nb6 16. f5 e5 17. Nb3 Nxb3 18. cxb3 Bd7 19. a5 Nc8 20. Qh4 Bc6 21. f6 Bd8 22. Rg1 Ne7 23. fxe7 Bxe7 24. Rg3 Qd8 25. Bg4 d5 26. Bf5 g6 27. Qh6 Bb4 28. Rh3 Bxc3+ 29. bxc3 Re8 30. Qxh7+ Kf8 31. Ba3+ 1-0

[Event "Belgrade-chTB Quality"]
[Site "Belgrade"]
[Date "2018.11.04"]
[Round "11.4"]
[White "Mitrovic, Ratko"]
[Black "Sekulovic, Aleksandar"]
[Result "0-1"]
[WhiteElo "1820"]
[BlackElo "2123"]
[PlyCount "144"]
[EventDate "2018.09.29"]
[EventType "team-tourn"]
[EventRounds "11"]
[EventCountry "SRB"]
[SourceTitle "EXT 2022"]
[Source "ChessBase"]
[SourceDate "2021.10.06"]
[SourceVersion "1"]
[SourceVersionDate "2021.10.06"]
[SourceQuality "1"]
[WhiteTeam "Belgrade BASK"]
[BlackTeam "Nis Jugopetrol"]
[WhiteTeamCountry "SRB"]
[BlackTeamCountry "SRB"]

1. d4 Nf6 2. c4 g6 3. Nc3 Bg7 4. g3 0-0 5. Bg2 d6 6. Nf3 Nbd7 7. Bf4 c5 8. d5 h6 9. h4 a6 10. a4 Qa5 11. 0-0 Kh7 12. Bd2 Qc7 13. Qc2 Rb8 14. Rad1 Ng4 15. h5 Rg8 16. hxg6+ fxg6 17. Ne4 Bf6 18. Nxf6+ Ndxf6 19. Nh4 b5 20. axb5 axb5 21. b3 bxc4 22. bxc4 Bd7 23. Bc3 Qc8 24. Rb1 Ra8 25. Ra1 Ra6 26. Qd3 Bf5 27. e4 Bd7 28. Nf3 e5 29. Nh4 Nh5 30. Bf3 Rf8 31. Qe2 Ngf6 32. Bd2 Ng7 33. Ng2 g5 34. Ne3 Kg6 35. g4 Qa8 36. Rxa6 Qxa6 37. Nf5 Nxf5 38. gxf5+ Kg7 39. Rc1 Ne8 40. Bg2 Nf6 41. Bf3 Rg8 42. Bh5 Rb8 43. Bg6 Rb2 44. Rd1 Qa4 45. Bh5 Qc2 46. Bf3 Ba4 47. Qe1 Qxc4 48. Ra1 Be8 49. Ba5 Qd3 50. Qc3 Rb1+ 51. Rxb1 Qxb1+ 52. Qe1 Qxe1+ 53. Bxe1 Bb5 54. Bg2 Bd3 55. f3 g4 56. fxg4 Nxg4 57. Ba5 Kf7 58. Bc7 Ke7 59. Bf3 Nf6 60. Kf2 Bxe4 61. Bxe4 Nxe4+ 62. Ke3 Nf6 63. Bb8 Nxd5+ 64. Kd3 h5 65. Ke4 Nf6+ 66. Kf3 Kd7 67. Ba7 Kc6 68. Bb8 Nd7 69. Ke4 Nxb8 70. f6 Nd7 71. f7 d5+ 72. Kf5 Kd6 0-1

[Event "Belgrade-chT"]
[Site "Belgrade"]
[Date "2017.10.21"]
[Round "6.5"]
[White "Sekulovic, Aleksandar"]
[Black "Ilic, Slobodan R"]
[Result "1/2-1/2"]
[WhiteElo "2134"]
[BlackElo "2053"]
[PlyCount "58"]
[EventDate "2017.10.01"]
[EventType "team-tourn"]
[EventRounds "11"]
[EventCountry "SRB"]
[SourceTitle "CBM 181 Extra"]
[Source "ChessBase"]
[SourceDate "2017.12.12"]
[SourceVersion "1"]
[SourceVersionDate "2017.12.12"]
[SourceQuality "1"]
[WhiteTeam "Nis Jugopetrol"]
[BlackTeam "Borca"]
[WhiteTeamCountry "SRB"]
[BlackTeamCountry "SRB"]

1. e4 c5 2. Nf3 d6 3. d4 cxd4 4. Nxd4 Nf6 5. Nc3 a6 6. Be3 Nc6 7. Qd2 e6 8. 0-0-0 Be7 9. f3 Qc7 10. Kb1 0-0 11. g4 b5 12. h4 Ne5 13. Qf2 Bb7 14. g5 Nfd7 15. h5 Nc5 16. Rg1 b4 17. Nce2 Nc4 18. Bc1 d5 19. exd5 Bxd5 20. Nf4 Nxb2 21. Bxb2 Qxf4 22. h6 Ne4 23. Qe1 Nc3+ 24. Bxc3 bxc3 25. Qxc3 Rfc8 26. Nc6 Rcb8+ 27. Ka1 Bf8 28. Ne7+ Kh8 29. Nxd5 exd5 1/2-1/2

[Event "Belgrade-chT Quality"]
[Site "Belgrade"]
[Date "2016.10.24"]
[Round "8.1"]
[White "Sekulovic, Aleksandar"]
[Black "Bakovic, Nebojsa"]
[Result "0-1"]
[WhiteElo "2164"]
[BlackElo "2103"]
[PlyCount "75"]
[EventDate "2016.10.01"]
[EventType "team-tourn"]
[EventRounds "11"]
[EventCountry "SRB"]
[SourceTitle "EXT 2018"]
[Source "ChessBase"]
[SourceDate "2017.10.13"]
[SourceVersion "1"]
[SourceVersionDate "2017.10.13"]
[SourceQuality "1"]

1. e4 d6 2. Nf3 Nf6 3. Nc3 g6 4. Bc4 Bg7 5. h3 c6 6. a4 0-0 7. d3 d5 8. exd5 cxd5 9. Bb3 Nc6 10. d4 e6 11. Bg5 Qb6 12. 0-0 Ne4 13. Be3 Nxc3 14. bxc3 Na5 15. Qd3 Qc7 16. Nd2 b6 17. Nb1 Nc4 18. Bxc4 dxc4 19. Qe2 Bb7 20. Nd2 Bd5 21. Rfb1 Rfe8 22. f4 Qc6 23. Rb4 Bf8 24. Rb2 Rab8 25. Nf3 f6 26. Kf2 Bd6 27. Nh4 Rb7 28. Qg4 Rg7 29. Nf3 Qc7 30. a5 bxa5 31. Rba2 Qb8 32. Qh4 Rf7 33. Rxa5 Ree7 34. Ke2 Rb7 35. Kd2 Rb2 36. Ne1 Be4 37. Qg4 Qb3 38. Qd1 0-1

[Event "Belgrade-chT Quality"]
[Site "Belgrade"]
[Date "2016.10.16"]
[Round "6.6"]
[White "Poleksic, Miodrag"]
[Black "Sekulovic, Aleksandar"]
[Result "1/2-1/2"]
[WhiteElo "2126"]
[BlackElo "2164"]
[PlyCount "70"]
[EventDate "2016.10.01"]
[EventType "team-tourn"]
[EventRounds "11"]
[EventCountry "SRB"]
[SourceTitle "EXT 2018"]
[Source "ChessBase"]
[SourceDate "2017.10.13"]
[SourceVersion "1"]
[SourceVersionDate "2017.10.13"]
[SourceQuality "1"]

1. d4 Nf6 2. c4 g6 3. Nc3 Bg7 4. e4 d6 5. Nf3 0-0 6. Be2 Nc6 7. d5 Ne5 8. Nxe5 dxe5 9. Be3 h6 10. 0-0 b6 11. b4 e6 12. Qd2 exd5 13. cxd5 Kh7 14. Rac1 a5 15. b5 Ne8 16. f3 f5 17. Na4 Nd6 18. Bd3 Bd7 19. Qe2 f4 20. Bf2 Rf7 21. Rc2 Bf8 22. Rfc1 Ne8 23. Rb1 h5 24. Nb2 Nd6 25. a4 Ra7 26. Nc4 Nxc4 27. Bxc4 Bd6 28. Qe1 Rg7 29. Be2 g5 30. g4 hxg4 31. fxg4 Ra8 32. Rb3 Kg6 33. Rh3 Qf6 34. Bf3 Rh7 35. Rxh7 Kxh7 1/2-1/2

[Event "Belgrade-chT Quality"]
[Site "Belgrade"]
[Date "2016.10.15"]
[Round "5.5"]
[White "Sergijevic, Zoran"]
[Black "Sekulovic, Aleksandar"]
[Result "0-1"]
[WhiteElo "2113"]
[BlackElo "2164"]
[PlyCount "102"]
[EventDate "2016.10.01"]
[EventType "team-tourn"]
[EventRounds "11"]
[EventCountry "SRB"]
[SourceTitle "EXT 2018"]
[Source "ChessBase"]
[SourceDate "2017.10.13"]
[SourceVersion "1"]
[SourceVersionDate "2017.10.13"]
[SourceQuality "1"]

1. e4 e5 2. Nf3 Nf6 3. Nc3 Nc6 4. d4 exd4 5. Nxd4 Bb4 6. Nxc6 bxc6 7. Bd3 h6 8. Bd2 d6 9. Qe2 Qe7 10. 0-0-0 a5 11. f3 a4 12. a3 Bc5 13. Rde1 Bd4 14. g4 Nd7 15. f4 Nf6 16. h3 Nd7 17. Qf3 Nc5 18. Bc4 Be6 19. Nd5 cxd5 20. exd5 0-0 21. dxe6 Nxe6 22. f5 Qf6 23. c3 Bb6 24. h4 Ra5 25. Ref1 d5 26. g5 hxg5 27. hxg5 Nxg5 28. Qh5 g6 29. Bxg5 Be3+ 30. Kd1 Qg7 31. Bd3 gxh5 32. Bxe3 Re8 33. Bd4 Qg4+ 34. Kc2 c5 35. Rfg1 cxd4 36. Rxg4+ hxg4 37. Rh4 dxc3 38. Kxc3 Kg7 39. Rxg4+ Kf6 40. Rb4 Ke5 41. Rb7 f6 42. Rb6 Raa8 43. Rb7 Rec8+ 44. Kd2 Rab8 45. Rb5 Kd4 46. Rb4+ Rxb4 47. axb4 Ra8 48. b5 a3 49. bxa3 Rxa3 50. Bc2 Ra2 51. Kc1 Kc3 0-1

[Event "Belgrade-chT Quality"]
[Site "Belgrade"]
[Date "2015.11.05"]
[Round "11.6"]
[White "Sekulovic, Aleksandar"]
[Black "Mikluc, Davorin"]
[Result "1-0"]
[WhiteElo "2151"]
[BlackElo "2131"]
[PlyCount "143"]
[EventDate "2015.10.03"]
[EventType "team-tourn"]
[EventRounds "11"]
[EventCountry "SRB"]
[SourceTitle "EXT 2018"]
[Source "ChessBase"]
[SourceDate "2017.10.13"]
[SourceVersion "1"]
[SourceVersionDate "2017.10.13"]
[SourceQuality "1"]

1. e4 c6 2. c4 d6 3. d4 Nd7 4. Nc3 e5 5. Nf3 Ngf6 6. Bd3 Be7 7. 0-0 0-0 8. h3 Re8 9. Re1 Qc7 10. Ne2 Nf8 11. Ng3 Bd7 12. b3 Ng6 13. Bb2 Bf8 14. Bf1 Rad8 15. Qd2 Bc8 16. Qg5 c5 17. dxe5 dxe5 18. Qe3 b6 19. Ne2 Bb7 20. Nc3 a6 21. Nd5 Nxd5 22. cxd5 Bd6 23. Rac1 Qd7 24. a4 Rc8 25. g3 Rc7 26. h4 h6 27. Kh2 Rb8 28. h5 Nf8 29. Nxe5 Qe7 30. Nc4 b5 31. Nxd6 Qxd6 32. Ba3 bxa4 33. Bxc5 Qe5 34. bxa4 Qxh5+ 35. Kg1 Re8 36. Bxf8 Rxc1 37. Qxc1 Kxf8 38. Qc7 Bxd5 39. Be2 Qg5 40. Qd6+ Kg8 41. Qxd5 Qf6 42. Bc4 Re5 43. Qd4 a5 44. Kg2 g5 45. f3 h5 46. Rd1 Kg7 47. Qd6 Qxd6 48. Rxd6 Rc5 49. Be2 Rc2 50. Kf2 h4 51. gxh4 gxh4 52. Rd5 Kg6 53. f4 f6 54. Rxa5 Ra2 55. Ra8 Kg7 56. Ra5 Kg6 57. Rh5 Rxa4 58. Rxh4 Kg7 59. Ke3 Rb4 60. Rh1 Kg6 61. Bd3 Kf7 62. Rh7+ Ke6 63. f5+ Kd6 64. Rf7 Rb3 65. Rxf6+ Ke7 66. Ra6 Rb7 67. e5 Rc7 68. Kf4 Rc3 69. f6+ Kf7 70. Ra7+ Kf8 71. e6 Rc8 72. Rh7 1-0

[Event "Belgrade-chT Quality"]
[Site "Belgrade"]
[Date "2015.11.04"]
[Round "10"]
[White "Sekulovic, Aleksandar"]
[Black "Ruzic, Sreten"]
[Result "1/2-1/2"]
[WhiteElo "2151"]
[BlackElo "1999"]
[PlyCount "100"]
[EventDate "2015.10.03"]
[EventType "team-tourn"]
[EventRounds "11"]
[EventCountry "SRB"]
[SourceTitle "EXT 2018"]
[Source "ChessBase"]
[SourceDate "2017.10.13"]
[SourceVersion "1"]
[SourceVersionDate "2017.10.13"]
[SourceQuality "1"]

1. e4 d5 2. exd5 Qxd5 3. Nc3 Qd8 4. Bc4 Nf6 5. Nf3 Bf5 6. 0-0 e6 7. d3 Be7 8. h3 0-0 9. a3 Nbd7 10. Re1 c6 11. Ne2 h6 12. Ng3 Bh7 13. Nh2 Nd5 14. Ng4 Bd6 15. d4 Qc7 16. Nf1 Rfe8 17. Bb3 e5 18. c4 N5f6 19. c5 Bf8 20. dxe5 Nxg4 21. Qxg4 Nxe5 22. Qg3 Kh8 23. Bf4 f6 24. Rac1 Rad8 25. Ba2 g5 26. Bxe5 Rxe5 27. b4 Qe7 28. Rxe5 Qxe5 29. Qb3 Rd3 30. Qf7 Qe7 31. Qxe7 Bxe7 32. Bb1 Rxa3 33. Bxh7 Kxh7 34. Re1 Bf8 35. Re8 Kg7 36. Rb8 b6 37. cxb6 axb6 38. Rxb6 Rb3 39. Rxc6 Rxb4 40. g4 Rb1 41. Kg2 Rd1 42. Rc7+ Kg8 43. Ne3 Rd6 44. Nf5 Ra6 45. Rd7 Ra2 46. Rc7 Ra6 47. Rc8 Kf7 48. Rc7+ Kg8 49. Rc8 Kf7 50. Rc7+ Kg8 1/2-1/2

[Event "Belgrade-chT"]
[Site "Belgrade"]
[Date "2014.11.03"]
[Round "11"]
[White "Sekulovic, Aleksandar"]
[Black "Vujanovic, Bojan"]
[Result "1/2-1/2"]
[WhiteElo "2100"]
[BlackElo "2197"]
[PlyCount "27"]
[EventDate "2014.10.04"]
[EventType "team-tourn"]
[EventRounds "13"]
[EventCountry "SRB"]
[SourceTitle "EXT 2015"]
[Source "ChessBase"]
[SourceDate "2014.11.20"]
[SourceVersion "1"]
[SourceVersionDate "2014.11.20"]
[SourceQuality "1"]

1. e4 e5 2. Nf3 d6 3. d4 exd4 4. Nxd4 Nf6 5. Nc3 Be7 6. Be3 0-0 7. f3 Nc6 8. Qd2 Bd7 9. 0-0-0 a6 10. g4 b5 11. h4 Ne5 12. Qf2 Be6 13. g5 Nfd7 14. Nf5 1/2-1/2

[Event "Belgrade-chT"]
[Site "Belgrade"]
[Date "2014.10.19"]
[Round "6"]
[White "Sekulovic, Aleksandar"]
[Black "Knezevic, Mladen Z"]
[Result "1/2-1/2"]
[WhiteElo "2100"]
[BlackElo "2140"]
[PlyCount "51"]
[EventDate "2014.10.04"]
[EventType "team-tourn"]
[EventRounds "13"]
[EventCountry "SRB"]
[SourceTitle "EXT 2015"]
[Source "ChessBase"]
[SourceDate "2014.11.20"]
[SourceVersion "1"]
[SourceVersionDate "2014.11.20"]
[SourceQuality "1"]

1. e4 c6 2. c4 e5 3. Nf3 d6 4. d4 Qc7 5. h3 Nf6 6. Nc3 g6 7. Bg5 Bg7 8. Qd2 0-0 9. d5 a5 10. Bd3 Na6 11. a3 Nc5 12. Bc2 a4 13. 0-0 Qa5 14. Rad1 cxd5 15. Bxf6 Bxf6 16. Nxd5 Bd8 17. Qh6 Be6 18. h4 f6 19. Qe3 Rf7 20. Kh2 Rd7 21. Ne1 Kg7 22. f4 Bxd5 23. Rxd5 Qb6 24. Qc3 Be7 25. g3 Rc7 26. Nf3 1/2-1/2